Effect of Aloe Barbahensis Miller (Aloe Vera) extract on the control of Blight (Early and Late) disease in tomato (Lycopersicon esculenium Miller)/ (Record no. 1679)

MARC details
000 -LEADER
fixed length control field 00644nam a22001937a 4500
005 - DATE AND TIME OF LATEST TRANSACTION
control field 20250228075224.0
008 - FIXED-LENGTH DATA ELEMENTS--GENERAL INFORMATION
fixed length control field 250228b |||||||| |||| 00| 0 eng d
040 ## - CATALOGING SOURCE
Original cataloging agency KMU
Transcribing agency KMU
Modifying agency KMU
100 ## - MAIN ENTRY--PERSONAL NAME
Personal name Mwamba, Rosaria
245 ## - TITLE STATEMENT
Title Effect of Aloe Barbahensis Miller (Aloe Vera) extract on the control of Blight (Early and Late) disease in tomato (Lycopersicon esculenium Miller)/
Statement of responsibility, etc. Mwamba, Rosaria
260 ## - PUBLICATION, DISTRIBUTION, ETC.
Place of publication, distribution, etc. Chinsali;
Name of publisher, distributor, etc. KMU,
Date of publication, distribution, etc. 2020
300 ## - PHYSICAL DESCRIPTION
Extent 20p.:
Other physical details ill.;
Dimensions 2020.
650 ## - SUBJECT ADDED ENTRY--TOPICAL TERM
Topical term or geographic name entry element Agroforestry.
650 ## - SUBJECT ADDED ENTRY--TOPICAL TERM
Topical term or geographic name entry element Aloe Barbahensis Miller.
650 ## - SUBJECT ADDED ENTRY--TOPICAL TERM
Topical term or geographic name entry element Aloe Vera.
650 ## - SUBJECT ADDED ENTRY--TOPICAL TERM
Topical term or geographic name entry element Blight.
650 ## - SUBJECT ADDED ENTRY--TOPICAL TERM
Topical term or geographic name entry element Lycopersicon esculenium Miller.
942 ## - ADDED ENTRY ELEMENTS (KOHA)
Koha item type Student Project Report
Suppress in OPAC No
Holdings
Withdrawn status Lost status Damaged status Not for loan Collection Home library Current library Shelving location Date acquired Source of acquisition Total Checkouts Date last seen Price effective from Koha item type
        Reference Kapasa Makasa University Kapasa Makasa University Reference 28.02.2025 KMU   28.02.2025 28.02.2025 Student Project Report